MARC

LEADER 00000nab a2200000 ar4500
001 vtls010570372
003 SK-MaSNL
005 20260304173420.0
008 140119c2013 xo wr|p|||||||000 b|slo
038 |a PPPK 
040 |a PPPKCL  |b slo  |c PPPKCL  |e AACR2 
041 0 |a slo 
044 |a xo  |c SK 
080 |a 796.92  |2 2001 
080 |a 796.92.071.2  |2 2001 
245 0 0 |a Striebro z univerziády  |c [autor] (red) 
600 1 7 |a Gantnerová, Jana,  |d 1989-  |2 pppkcl  |9 1203121 
600 1 7 |a Kantorová, Barbara,  |d 1992-  |2 pppkcl  |9 1230502 
611 2 7 |a Svetová zimná univerziáda  |n (26. :  |d 2013 :  |c Trentino, Taliansko)  |2 pppkcl  |9 1503836 
648 7 |a 11.-21.12.2013  |2 pppkcl  |9 1503837 
650 0 7 |a lyžovanie  |2 pppkcl  |9 3256 
650 0 7 |a lyžiari  |2 pppkcl  |9 55075 
650 0 7 |a skialpinizmus  |2 pppkcl  |9 24168 
650 0 7 |a osobnosti  |2 pppkcl  |9 29820 
651 7 |a Kežmarok (Slovensko)  |2 pppkcl  |9 26808 
651 7 |a Vysoké Tatry (Poľsko a Slovensko : pohorie)  |2 pppkcl  |9 67729 
773 0 |t Podtatranské noviny  |g Roč. LIV, č. 51-52 (2013), s. 8  |x 1210-2423 
852 |a PPPK  |b KIS3GCP 
999 |c 3003174  |d 3005104